Rýchle nohy i rýchla myseľ Tréner Gabčíkova Zoltán Molnár vyznáva krédo

Bibliographic Details
Main Authors: Molnár, Zoltán, 1953- (Author), Tesák, Branislav (Author)
Format: Article
Language:Slovak
Subjects:

MARC

LEADER 00000nab a2200000 a 4500
001 vtls000539590
003 SK-MaSNL
005 20260303012506.0
008 120928c1995 xo 0 slo
015 |a SNBRB19rr/mm-uuuuu 
035 |a CL0539728 
040 |a SNKBUCL  |b slo  |c SNKBUCL  |e AACR2 
041 0 |a slo 
044 |a xo  |c SK 
080 |a 796.332.071.4  |2 1981 
100 1 |a Molnár, Zoltán,  |d 1953-  |4 aut  |9 175568 
245 1 0 |a Rýchle nohy i rýchla myseľ  |b Tréner Gabčíkova Zoltán Molnár vyznáva krédo  |c Zoltán Molnár, Branislav Tesák 
300 |b Obr. 1 
600 1 7 |a Molnár, Zoltán,  |d 1953-  |2 snkbucl  |9 175568 
655 7 |a články z novín a časopisov  |2 snkbucl  |9 267496 
700 1 |a Tesák, Branislav  |4 aut  |9 838359 
773 0 |t Šport  |g Roč. 49, č. 22 (27. 1. 1995), s. 11 
850 |a Slovenská národná knižnica v Martine  |a MTA001 
852 |a SNK  |b KIS3GCP 
958 |a RK 
992 |a RBX 
999 |c 1597521  |d 1599451